00487pab a2200157 454500008003600000100001500036245004600051650001300097650001900110650001500129650002400144773002000168909001000188999001700198952011400215180718b xxu||||| |||| 00| 0 eng d aDas, Asish aUsing the microcomputer in the class room a Schools a Microcomputer a Computers aComputers - schools aUniversity News a22910 c22910d22910 00104070aIIPAbIIPAd2018-07-19hIssue no: 30(48) 30 Nov.,92, p.10-11pAR22979r2018-07-19w2018-07-19yAR